Statistics for Simpsons

Click here to take the quiz!

General Stats

  • This quiz has been taken 17 times
  • The average score is 9 of 10

Answer Stats

HintAnswer% Correct
Owns kiwik e martApu
100%
BrotherBart
100%
SisterLisa
100%
MumMarge
100%
DadHomer
93%
Little sisterMaggie
93%
NeighborNed
93%
BullyNelson
93%
DogSantas little helper
93%
Depressed dudeMo
47%

Score Distribution

Percentile by Number Answered

Percent of People with Each Score

Your Score History

You have not taken this quiz